Gabby's dollhouse : (Record no. 412509)
[ view plain ]
| 000 -LEADER | |
|---|---|
| fixed length control field | 01021nam a2200265 4500 |
| 001 - CONTROL NUMBER | |
| control field | 2440181 |
| 003 - CONTROL NUMBER IDENTIFIER | |
| control field | IlBcCP |
| 005 - DATE AND TIME OF LATEST TRANSACTION | |
| control field | 20251015130623.0 |
| 008 - FIXED-LENGTH DATA ELEMENTS--GENERAL INFORMATION | |
| fixed length control field | 251015s2025 nyua 000 1 eng |
| 020 ## - INTERNATIONAL STANDARD BOOK NUMBER | |
| International Standard Book Number | 1536494321 |
| 020 ## - INTERNATIONAL STANDARD BOOK NUMBER | |
| International Standard Book Number | 9781536494327 |
| 020 ## - INTERNATIONAL STANDARD BOOK NUMBER | |
| International Standard Book Number | 9781546171669 |
| 040 ## - CATALOGING SOURCE | |
| Transcribing agency | IlBcCP |
| 082 14 - DEWEY DECIMAL CLASSIFICATION NUMBER | |
| Classification number | [E] |
| Edition number | 23 |
| 100 1# - MAIN ENTRY--PERSONAL NAME | |
| Personal name | Reyes, Gabrielle. |
| 9 (RLIN) | 5864463 |
| 245 10 - TITLE STATEMENT | |
| Title | Gabby's dollhouse : |
| Remainder of title | the movie / |
| Statement of responsibility, etc | Gabrielle Reyes. |
| 260 ## - PUBLICATION, DISTRIBUTION, ETC. (IMPRINT) | |
| Place of publication, distribution, etc | New York, NY : |
| Name of publisher, distributor, etc | Scholastic, Incorporated, |
| Date of publication, distribution, etc | 2025. |
| 300 ## - PHYSICAL DESCRIPTION | |
| Extent | 32 p. : |
| Other physical details | col. ill. ; |
| Dimensions | 23 cm |
| 520 ## - SUMMARY, ETC. | |
| Summary, etc | Celebrate Gabby's movie moment with this Level 1 Reader, full of adorable art and iconic scenes from the film! This Level 1 reader is perfect for kids who are just beginning to decode words. DreamWorks Gabby's Dollhouse (c) 2025 DreamWorks Animation LLC. All Rights Reserved. |
| 521 2# - TARGET AUDIENCE NOTE | |
| Target audience note | PK1 |
| Source | Libraria. |
| 521 8# - TARGET AUDIENCE NOTE | |
| Target audience note | 460 |
| Source | Lexile. |
| 650 #7 - SUBJECT ADDED ENTRY--TOPICAL TERM | |
| Topical term or geographic name as entry element | Cats |
| Source of heading or term | sears |
| Form subdivision | Fiction. |
| 9 (RLIN) | 5674208 |
| 650 #7 - SUBJECT ADDED ENTRY--TOPICAL TERM | |
| Topical term or geographic name as entry element | Dollhouses |
| Source of heading or term | sears |
| Form subdivision | Fiction. |
| 9 (RLIN) | 5706346 |
| 949 ## - LOCAL PROCESSING INFORMATION (OCLC) | |
| h | Children |
| i | Rey |
| 9 | 14.95 |
| Withdrawn status | Lost status | Source of classification or shelving scheme | Damaged status | Not for loan | Collection code | Home library | Current library | Shelving location | Date acquired | Source of acquisition | Total Checkouts | Full call number | Barcode | Date last seen | Date checked out | Cost, replacement price | Price effective from | Koha item type |
|---|---|---|---|---|---|---|---|---|---|---|---|---|---|---|---|---|---|---|
| Dewey Decimal Classification | Children Leveled | Wasatch County Library | Wasatch County Library | Main Floor Childrens Area | 12/08/2025 | Libraria | 2 | E Gabby's Dollhouse | 34301002174839 | 01/12/2026 | 12/29/2025 | 14.95 | 12/08/2025 | BOOK |
